Living hinduisms (Record no. 513688)

MARC details
000 -LEADER
fixed length control field 00743nam a2200253Ia 4500
003 - CONTROL NUMBER IDENTIFIER
control field OSt
005 - DATE AND TIME OF LATEST TRANSACTION
control field 20220925190211.0
008 - FIXED-LENGTH DATA ELEMENTS--GENERAL INFORMATION
fixed length control field 220923b |||||||| |||| 00| 0 eng d
020 ## - INTERNATIONAL STANDARD BOOK NUMBER
International Standard Book Number 0534520111
037 ## - SOURCE OF ACQUISITION
Terms of availability General Book
040 ## - CATALOGING SOURCE
Original cataloging agency RTL
Transcribing agency RTL
Language of cataloging eng
041 ## - LANGUAGE CODE
Source of code eng
Language code of text/sound track or separate title eng
100 ## - MAIN ENTRY--PERSONAL NAME
Personal name Falk Nancy Auer
9 (RLIN) 237657
245 #0 - TITLE STATEMENT
Title Living hinduisms
Remainder of title An explorer's guide
260 ## - PUBLICATION, DISTRIBUTION, ETC.
Place of publication, distribution, etc. Belmont
Name of publisher, distributor, etc. Thomson Wordsworth
Date of publication, distribution, etc. 2006
300 ## - PHYSICAL DESCRIPTION
Extent xi,348p
Dimensions cm.
490 ## - SERIES STATEMENT
Series statement Religious Life in History
500 ## - GENERAL NOTE
General note Appendix : P 326-327; Glossary : P 328-335
942 ## - ADDED ENTRY ELEMENTS (KOHA)
Classification part Y73(Q2).2.N9, P6
Koha item type General Books
Source of classification or shelving scheme Colon Classification (CC)

No items available.

Copyright @ Delhi University Library System